[Event "Titled Tue 27th May Early"]
[Site "chess.com INT"]
[Date "2025.05.27"]
[Round "10"]
[White "Salimova, Asal"]
[Black "Radchenko, Alexey"]
[Result "0-1"]
[WhiteTitle "WCM"]
[BlackTitle "FM"]
[WhiteElo "2003"]
[BlackElo "2293"]
[WhiteFideId "14204940"]
[BlackFideId "4192362"]
[EventDate "2025.05.27"]

1. d4 c5 2. d5 d6 3. c4 b5 4. cxb5 a6 5. b6 Qxb6 6. Nc3 Nf6 7. e4 g6 8. Nf3 Bg7
9. Nd2 O-O 10. Nc4 Qc7 11. Be2 Nbd7 12. O-O a5 13. a4 Ba6 14. Bf4 Rab8 15. Qc2
Bxc4 16. Bxc4 Nh5 17. Bg5 Ne5 18. Be2 h6 19. Bxh5 hxg5 20. Be2 c4 21. Nb5 Qc5
22. Kh1 f5 23. Ra3 fxe4 24. Re3 Qxd5 25. Rxe4 Rbc8 26. f3 Kh7 27. Qc1 Nd3 28.
Qe3 e5 29. Qxg5 Rf4 30. Nc3 Qf7 31. Kg1 d5 32. Bxd3 cxd3 33. Nxd5 Qxd5 34. Rxf4
Qc5+ 35. Kh1 exf4 36. Qxf4 Bxb2 37. Qh4+ Kg8 38. Qe4 Qf5 39. Qe3 Bg7 40. Rd1 Rd8
41. Qb6 Rd7 42. Qb8+ Kh7 43. h3 d2 44. Qb3 Qe5 0-1

[Event "Titled Tue 27th May Early"]
[Site "chess.com INT"]
[Date "2025.05.27"]
[Round "10"]
[White "Kochiev, Ivan"]
[Black "Chiu, Isaac"]
[Result "0-1"]
[WhiteTitle "CM"]
[WhiteElo "2138"]
[BlackElo "2226"]
[WhiteFideId "2917890"]
[BlackFideId "30900654"]
[EventDate "2025.05.27"]

1. e4 e6 2. d4 d5 3. Nd2 c5 4. exd5 Qxd5 5. Ngf3 cxd4 6. Bc4 Qd7 7. O-O Nc6 8.
Nb3 a6 9. a4 Qc7 10. Nbxd4 Nxd4 11. Qxd4 Nf6 12. b3 Bc5 13. Qh4 Bd7 14. Rd1 Bc6
15. Bf4 Qb6 16. Ne5 O-O 17. Rd3 Be4 18. b4 Bxd3 19. Bxd3 Bd4 20. Bg5 Bxf2+ 21.
Qxf2 Qxf2+ 22. Kxf2 Nd5 23. Bd2 Rfc8 24. Nd7 Rc7 25. Nc5 a5 26. c3 b6 27. Ne4 h6
28. bxa5 bxa5 29. Rb1 f5 30. Ng3 Nxc3 31. Bf4 Nxb1 32. Bxc7 Nc3 33. Bc2 Nd5 34.
Be5 Rc8 35. Bd3 Nb6 36. Bb5 Rc2+ 37. Ne2 Ra2 38. Bc7 Nxa4 39. Bxa5 Nc5 40. Bc7
Ne4+ 41. Ke3 Rc2 42. Bf4 Rb2 43. Bd3 Nc5 44. Bc4 Rc2 0-1

[Event "Titled Tue 27th May Early"]
[Site "chess.com INT"]
[Date "2025.05.27"]
[Round "10"]
[White "Kushko, Dmitriy"]
[Black "Aarit Kapil"]
[Result "1-0"]
[WhiteTitle "IM"]
[BlackTitle "CM"]
[WhiteElo "2454"]
[BlackElo "2098"]
[WhiteFideId "14162261"]
[BlackFideId "33408947"]
[EventDate "2025.05.27"]

1. g3 g6 2. Bg2 Bg7 3. d4 Nf6 4. e4 O-O 5. Nc3 d6 6. Nf3 Nbd7 7. e5 Ng4 8. h3
Nh6 9. O-O c5 10. exd6 exd6 11. Bg5 f6 12. Bf4 Nf7 13. Re1 Nb6 14. a4 g5 15. Be3
Nc4 16. Bc1 f5 17. dxc5 dxc5 18. Qxd8 Rxd8 19. Nxg5 Ncd6 20. Nd5 h6 21. Ne7+ Kf8
22. Nh7+ Ke8 23. Nxc8+ Kd7 24. Nxd6 Nxd6 25. Bf4 Ne4 26. g4 Bd4 27. Bxe4 fxe4
28. c3 Bg7 29. Rxe4 Rh8 30. Rd1+ Kc6 31. Re6# 1-0

[Event "Titled Tue 27th May Early"]
[Site "chess.com INT"]
[Date "2025.05.27"]
[Round "10"]
[White "Ermolaev, Evgeny"]
[Black "Chan, Kim Yew"]
[Result "1-0"]
[WhiteTitle "FM"]
[BlackTitle "FM"]
[WhiteElo "2282"]
[BlackElo "2304"]
[WhiteFideId "24103195"]
[BlackFideId "5717981"]
[EventDate "2025.05.27"]

1. d4 d5 2. c4 e6 3. Nf3 Nf6 4. g3 c6 5. Bg2 dxc4 6. Ne5 Bb4+ 7. Bd2 Qxd4 8.
Bxb4 Qxe5 9. Na3 Qxb2 10. Qd6 c5 11. Bxc5 Qc3+ 12. Kd1 Qxa1+ 13. Kd2 Qb2+ 14.
Nc2 c3+ 15. Ke3 Ng4+ 16. Kf4 e5+ 17. Kg5 h6+ 18. Kh4 g5+ 19. Kh5 Nf6+ 20. Qxf6
Qxc2 21. Qe7# 1-0

[Event "Titled Tue 27th May Early"]
[Site "chess.com INT"]
[Date "2025.05.27"]
[Round "10"]
[White "Piesik, Piotr"]
[Black "Gyurjinyan, Valter"]
[Result "1-0"]
[WhiteTitle "IM"]
[BlackTitle "CM"]
[WhiteElo "2436"]
[BlackElo "2208"]
[WhiteFideId "1136194"]
[BlackFideId "13318179"]
[EventDate "2025.05.27"]

1. Nf3 Nf6 2. g3 e6 3. Bg2 d5 4. O-O Be7 5. d3 O-O 6. Nbd2 c5 7. e4 h6 8. Re1
Nc6 9. c3 b5 10. e5 Nh7 11. Nf1 a5 12. h4 b4 13. c4 Bb7 14. Ne3 dxc4 15. Nxc4
Qc7 16. Bf4 Ba6 17. Rc1 Rad8 18. Nd6 g5 19. hxg5 hxg5 20. Nxg5 Bxg5 21. Rxc5
Bxf4 22. Rxc6 Qa7 23. gxf4 Kh8 24. Qh5 Bxd3 25. Be4 Rg8+ 26. Kh1 Bxe4+ 27. Nxe4
Qb7 28. Rcc1 Rg6 29. f3 Rdg8 30. Rg1 Qa7 31. Rxg6 Rxg6 32. Ng5 Rxg5 33. fxg5 Qb7
34. Kg2 Qd7 35. Rc2 Kg7 36. Qh6+ Kg8 37. g6 fxg6 38. Qxg6+ Kh8 39. Kg3 Nf8 40.
Rh2+ Nh7 41. Rh4 Qc7 42. Qf6+ Kg8 43. Rg4+ Ng5 44. Rxg5+ 1-0

[Event "Titled Tue 27th May Early"]
[Site "chess.com INT"]
[Date "2025.05.27"]
[Round "10"]
[White "Vusatiuk, Vladimir"]
[Black "Brenke, Andreas"]
[Result "1-0"]
[WhiteTitle "IM"]
[BlackTitle "FM"]
[WhiteElo "2286"]
[BlackElo "2349"]
[WhiteFideId "14118610"]
[BlackFideId "4602900"]
[EventDate "2025.05.27"]

1. e4 c6 2. Nf3 d5 3. Nc3 dxe4 4. Nxe4 Nf6 5. Qe2 Na6 6. d4 h5 7. h4 Bg4 8. c3
Qd5 9. Nxf6+ gxf6 10. Be3 Nc7 11. Qd1 Bxf3 12. gxf3 O-O-O 13. Bd3 Kb8 14. Qe2 e6
15. Bc4 Qf5 16. O-O-O Bd6 17. Bd3 Qa5 18. Kb1 Rhg8 19. Rhg1 f5 20. f4 Rg4 21.
Rxg4 fxg4 22. Rg1 Re8 23. f3 f5 24. fxg4 hxg4 25. h5 Rh8 26. Qh2 Qd5 27. Bc1 Qf3
28. Be2 Qe4+ 29. Ka1 Nd5 30. Rf1 Rh6 31. Bd1 b5 32. Bc2 Bxf4 33. Bxf4+ 1-0

[Event "Titled Tue 27th May Early"]
[Site "chess.com INT"]
[Date "2025.05.27"]
[Round "10"]
[White "Sabatier, Mathis"]
[Black "Danzer, George"]
[Result "1-0"]
[WhiteTitle "CM"]
[BlackTitle "CM"]
[WhiteElo "2235"]
[BlackElo "2172"]
[WhiteFideId "26029685"]
[BlackFideId "4659465"]
[EventDate "2025.05.27"]

1. e4 c5 2. Nf3 d6 3. c3 Nf6 4. Be2 Nc6 5. d4 e5 6. dxe5 dxe5 7. Qxd8+ Nxd8 8.
Nxe5 Nxe4 9. Bb5+ Ke7 10. O-O Kf6 11. Nd7+ Bxd7 12. Bxd7 c4 13. Nd2 Nxd2 14.
Bxd2 Bc5 15. Bb5 Nc6 16. Bxc4 Ne5 17. Bb3 Rad8 18. Rad1 Nd3 19. Bc1 Nxc1 20.
Rxc1 Rd2 21. Rc2 Rhd8 22. g3 Rxc2 23. Bxc2 Rd2 24. Bb3 Rxb2 25. Kg2 b5 26. Kf3
a5 27. Ke4 Rxf2 28. Rxf2+ Bxf2 29. Kd5 Be1 30. Kc5 Bxc3 31. Kxb5 Kg6 32. Kc4 f5
33. Kxc3 Kg5 34. Bd5 Kg4 35. Bg2 f4 36. gxf4 Kxf4 37. Kb3 Ke3 38. Ka4 Kf2 39.
Be4 g6 40. Kxa5 Kg1 41. h4 Kh2 42. h5 gxh5 43. Bxh7 Kg3 44. Bf5 Kf4 45. Bc8 Ke5
46. Kb5 Kd6 47. a4 Kc7 48. Bh3 Kb8 49. a5 Ka7 50. a6 h4 51. Ka5 Kb8 52. Kb6 Ka8
53. Bg2+ Kb8 54. a7+ Kc8 55. a8=Q+ Kd7 56. Qc6+ Ke7 57. Bd5 1-0

[Event "Titled Tue 27th May Early"]
[Site "chess.com INT"]
[Date "2025.05.27"]
[Round "10"]
[White "Protopopescu, Luca"]
[Black "Centron Antuna, Daniel"]
[Result "0-1"]
[WhiteTitle "CM"]
[BlackTitle "FM"]
[WhiteElo "2216"]
[BlackElo "2290"]
[WhiteFideId "651088894"]
[BlackFideId "22288694"]
[EventDate "2025.05.27"]

1. Nf3 Nf6 2. g3 g6 3. Bg2 Bg7 4. O-O O-O 5. d4 d5 6. Re1 c5 7. c4 cxd4 8. cxd5
Nxd5 9. Nxd4 Nc6 10. Nxc6 bxc6 11. e4 Nb6 12. Qxd8 Rxd8 13. Nc3 Be6 14. Bg5 Rd7
15. Rad1 f6 16. Be3 Rad8 17. e5 Rxd1 18. Rxd1 Rxd1+ 19. Nxd1 Bxa2 20. Bxc6 fxe5
21. Nc3 Bc4 22. Bxb6 axb6 23. Bd5+ Bxd5 24. Nxd5 e4 25. Nxe7+ Kf7 26. Nc8 Ke6
27. Nxb6 Bxb2 28. Nc4 Bd4 29. Kf1 Kd5 30. Nd2 Bc3 31. Ke2 Bxd2 32. Kxd2 Kd4 33.
Ke2 g5 34. h3 h5 35. Kd2 Kd5 36. Ke3 Ke5 37. Ke2 h4 38. Ke3 g4 39. f4+ Kf6 40.
hxg4 h3 41. Kf2 e3+ 42. Kxe3 h2 43. Kf2 h1=Q 44. f5 Kg5 0-1

[Event "Titled Tue 27th May Early"]
[Site "chess.com INT"]
[Date "2025.05.27"]
[Round "10"]
[White "Marchesich, Giovanni"]
[Black "Fellowes, Billy"]
[Result "1-0"]
[WhiteTitle "CM"]
[BlackTitle "CM"]
[WhiteElo "2219"]
[BlackElo "2193"]
[WhiteFideId "2824790"]
[BlackFideId "483540"]
[EventDate "2025.05.27"]

1. d4 Nc6 2. d5 Ne5 3. Nf3 Nxf3+ 4. exf3 Nf6 5. Nc3 e6 6. Bg5 Bb4 7. Qd4 Bxc3+
8. bxc3 h6 9. Bxf6 Qxf6 10. Qxf6 gxf6 11. c4 b6 12. Bd3 Ke7 13. O-O-O Ba6 14.
Rhe1 Rhg8 15. g3 h5 16. h4 Rae8 17. f4 Kd8 18. Kd2 Kc8 19. Rb1 Bb7 20. Be4 Ba6
21. Rb4 e5 22. f5 Rg4 23. Ra4 Kb7 24. c5 bxc5 25. Rb1+ Ka8 26. f3 Rxe4 27. fxe4
Bb7 28. Rb3 Rg8 29. Rba3 a6 30. Ke2 Rg4 31. Kf3 d6 32. Rb3 Ka7 33. Raa3 c6 34.
c4 cxd5 35. cxd5 Rg8 36. Rb2 Rc8 37. Rab3 Rc7 38. Rb6 Rd7 39. g4 hxg4+ 40. Kxg4
Ba8 41. R6b3 Rd8 42. Rg3 Rh8 43. Rh2 Kb6 44. h5 Rh6 45. Rb2+ Kc7 46. Kh4 Bb7 47.
Rg7 Bc8 48. Rxf7+ Bd7 49. Rg2 1-0

[Event "Titled Tue 27th May Early"]
[Site "chess.com INT"]
[Date "2025.05.27"]
[Round "10"]
[White "Zaw, Ye Htut"]
[Black "Barwinska, Ewa"]
[Result "1-0"]
[WhiteTitle "CM"]
[BlackTitle "WFM"]
[WhiteElo "2180"]
[BlackElo "2014"]
[WhiteFideId "13013955"]
[BlackFideId "21833761"]
[EventDate "2025.05.27"]

1. e4 c6 2. d4 d5 3. Nc3 dxe4 4. Nxe4 Nf6 5. Ng3 Bg4 6. Nf3 e6 7. Be2 Nbd7 8. h3
Bxf3 9. Bxf3 Bd6 10. Ne4 Nxe4 11. Bxe4 Nf6 12. Bd3 Bc7 13. c3 Qd6 14. Bg5 Nd5
15. Qf3 h6 16. Bh4 Qf4 17. Bg3 Qxf3 18. gxf3 O-O-O 19. O-O h5 20. Rfe1 h4 21.
Be5 Bxe5 22. Rxe5 Nf4 23. Bf1 Rh6 24. Rae1 Rd5 25. R1e4 g5 26. Kh2 f6 27. Rxd5
cxd5 28. Re1 Kd7 29. c4 Kd6 30. c5+ Kd7 31. b4 Rh8 32. Bb5+ Ke7 33. c6 bxc6 34.
Bxc6 Rb8 35. b5 Kd6 36. a4 Nd3 37. Re2 Rc8 38. a5 Nb4 39. Bb7 Rc7 40. a6 Nd3 41.
b6 1-0

[Event "Titled Tue 27th May Early"]
[Site "chess.com INT"]
[Date "2025.05.27"]
[Round "10"]
[White "Gong, Qianyun"]
[Black "Fernandez, Michael"]
[Result "1-0"]
[WhiteTitle "WGM"]
[BlackTitle "FM"]
[WhiteElo "2265"]
[BlackElo "2226"]
[WhiteFideId "8602425"]
[BlackFideId "5803560"]
[EventDate "2025.05.27"]

1. d4 b5 2. e4 Bb7 3. Nd2 a6 4. a4 b4 5. Bc4 e6 6. Bb3 d5 7. e5 c5 8. c3 Nc6 9.
Ndf3 c4 10. Bc2 b3 11. Bb1 g6 12. h4 h6 13. Ne2 Bg7 14. Nf4 Nge7 15. Qe2 Qd7 16.
a5 Qc7 17. Be3 Nxa5 18. Nd2 Nac6 19. Qg4 h5 20. Qg3 Qd7 21. Nf3 Bh6 22. Ng5 Rg8
23. Qf3 Na7 24. Nxf7 Kxf7 25. Nxh5+ Nf5 26. Nf6 Qd8 27. Bxf5 Bxe3 28. Bg4 Bh6
29. h5 Kg7 30. hxg6 Rf8 31. Rxh6 Rxf6 32. Qh3 Qg8 33. exf6+ Kxf6 34. g7+ Kxg7
35. Qh5 Qf7 36. Rh7+ 1-0

[Event "Titled Tue 27th May Early"]
[Site "chess.com INT"]
[Date "2025.05.27"]
[Round "10"]
[White "Shogdzhiev, Roman"]
[Black "Durarbayli, Vasif"]
[Result "1-0"]
[WhiteTitle "FM"]
[BlackTitle "GM"]
[WhiteElo "2329"]
[BlackElo "2612"]
[WhiteFideId "55653537"]
[BlackFideId "13402935"]
[EventDate "2025.05.27"]

1. e4 e5 2. Nf3 Nc6 3. Bc4 Nf6 4. d3 h6 5. O-O d6 6. a4 g6 7. a5 Bg7 8. a6 b6 9.
Bb5 Bd7 10. c3 O-O 11. Qa4 Ne7 12. Bxd7 Nxd7 13. d4 exd4 14. cxd4 d5 15. e5 c5
16. Nc3 Rc8 17. Rd1 cxd4 18. Qxd4 Nc5 19. Ra3 Ne6 20. Qd3 Qc7 21. Be3 Rfd8 22.
Nb5 Qd7 23. Nd6 Rc6 24. Nd4 Bxe5 25. Nxc6 Nxc6 26. Nb7 Rc8 27. Qxd5 Qc7 28. g3
Bxb2 29. Rb3 Bg7 30. Rc1 h5 31. Nd6 Qd7 32. Rd3 Rc7 33. Nb5 Qxd5 34. Rxd5 Rc8
35. Rd6 Nc5 36. Bxc5 1-0

[Event "Titled Tue 27th May Early"]
[Site "chess.com INT"]
[Date "2025.05.27"]
[Round "10"]
[White "Golubova, Anna"]
[Black "Unver, Cumayi"]
[Result "1/2-1/2"]
[WhiteTitle "WIM"]
[WhiteElo "2112"]
[BlackElo "2012"]
[WhiteFideId "24173606"]
[BlackFideId "6304940"]
[EventDate "2025.05.27"]

1. d4 d6 2. Nf3 Nf6 3. g3 g6 4. Bg2 Bg7 5. O-O O-O 6. c4 Nc6 7. Nc3 Bf5 8. Nh4
Bd7 9. e4 e5 10. d5 Nd4 11. h3 Re8 12. Nf3 c5 13. dxc6 Nxf3+ 14. Qxf3 Bxc6 15.
Nd5 Bxd5 16. cxd5 h6 17. Qb3 Qb6 18. Qxb6 axb6 19. Be3 Nd7 20. Rfc1 Rec8 21.
Rxc8+ Rxc8 22. Rc1 Rxc1+ 23. Bxc1 f5 24. b4 Kh7 25. h4 h5 26. Bh3 Nf6 27. exf5
Nxd5 28. a3 Nc3 29. Kf1 b5 30. fxg6+ Kxg6 31. Bg2 e4 32. f3 d5 33. fxe4 dxe4 34.
Kf2 Bd4+ 35. Ke1 Kf6 36. Bb2 Ke5 37. Bf1 Nb1 38. Bxd4+ Kxd4 39. Bxb5 Nxa3 40.
Be2 Nc2+ 41. Kd2 Nxb4 42. Bxh5 e3+ 43. Ke2 Nd5 44. Bg6 b5 45. h5 Ke5 46. Kd3 Kf6
47. Be4 Ne7 48. Kxe3 Kg5 49. g4 Ng8 50. Bf3 Nf6 51. Be2 b4 52. Kd4 Nxg4 53. Bxg4
Kh6 54. Kc4 b3 55. Kxb3 Kg7 56. Kc4 Kh8 57. Kd5 Kg7 58. Ke6 Kh8 59. Kf7 Kh7 60.
Kf6 Kh8 61. Kg6 Kg8 1/2-1/2

[Event "Titled Tue 27th May Early"]
[Site "chess.com INT"]
[Date "2025.05.27"]
[Round "10"]
[White "Slovineanu, Viacheslav"]
[Black "Zhou, Yuxu"]
[Result "0-1"]
[WhiteTitle "IM"]
[BlackTitle "CM"]
[WhiteElo "2412"]
[BlackElo "2087"]
[WhiteFideId "13900510"]
[BlackFideId "8626421"]
[EventDate "2025.05.27"]

1. d4 d5 2. Nf3 c6 3. e3 Nf6 4. c4 g6 5. Nbd2 Bg7 6. b4 O-O 7. a4 Ne4 8. Nxe4
dxe4 9. Nd2 e5 10. d5 cxd5 11. cxd5 Qxd5 12. Bc4 Qc6 13. Qb3 Be6 14. Bxe6 fxe6
15. Ba3 Qd5 16. Rd1 Rd8 17. O-O Nc6 18. Nc4 Nd4 19. exd4 exd4 20. Na5 Qxb3 21.
Nxb3 Rac8 22. Nc5 b6 23. Nxe6 Rd7 24. Nxg7 Kxg7 25. Bb2 Rc4 26. Rxd4 Rdxd4 27.
Rd1 Rxb4 28. Bxd4+ Kf7 29. a5 bxa5 30. Bxa7 a4 31. g3 a3 32. Rd4 a2 33. Rxb4
a1=Q+ 34. Kg2 Qxa7 35. Rxe4 Qb7 36. f3 Kf6 37. g4 g5 38. Re2 Qb5 39. Kf2 Qb8 40.
Kg2 Qb1 41. Rd2 Qe1 42. Rc2 Ke5 43. Rc5+ Kd4 44. Rc2 Ke3 45. Ra2 Qc1 46. Rf2 Qc6
47. Rf1 Kf4 48. Rf2 h5 49. gxh5 g4 50. h3 gxf3+ 51. Kh2 Qc5 52. Ra2 Qe5 53. Ra4+
Ke3+ 54. Kg1 Qg3+ 0-1

[Event "Titled Tue 27th May Early"]
[Site "chess.com INT"]
[Date "2025.05.27"]
[Round "10"]
[White "Shukhman, Anna"]
[Black "Galchenko, Matvey"]
[Result "0-1"]
[WhiteTitle "WGM"]
[BlackTitle "IM"]
[WhiteElo "2413"]
[BlackElo "2442"]
[WhiteFideId "54180058"]
[BlackFideId "24175480"]
[EventDate "2025.05.27"]

1. e4 e6 2. d4 d5 3. Nc3 Bb4 4. e5 Ne7 5. a3 Bxc3+ 6. bxc3 c5 7. h4 Qc7 8. h5
cxd4 9. cxd4 Qc3+ 10. Bd2 Qxd4 11. Nf3 Qe4+ 12. Be2 Nf5 13. Kf1 b6 14. c4 Bb7
15. Bb4 Nd7 16. Bd3 Qg4 17. Rc1 a5 18. Bxf5 Qxf5 19. Bd6 dxc4 20. Nd4 Qg5 21. f3
Ba6 22. Kf2 Nxe5 23. Qa4+ b5 24. Qc2 Nd3+ 25. Ke2 Qxg2+ 26. Ke3 Qxc2 27. Rxc2 f6
28. Bg3 Kf7 29. Rb1 b4 30. axb4 axb4 31. Nc6 b3 32. Rc3 Rhc8 33. Nd4 Nb4 34.
Nxb3 Nd5+ 35. Kd2 Nxc3 0-1

[Event "Titled Tue 27th May Early"]
[Site "chess.com INT"]
[Date "2025.05.27"]
[Round "10"]
[White "Tan, Jun Ying"]
[Black "Thorhallsson, Simon"]
[Result "1-0"]
[WhiteTitle "FM"]
[BlackTitle "FM"]
[WhiteElo "2414"]
[BlackElo "2218"]
[WhiteFideId "5710413"]
[BlackFideId "2310090"]
[EventDate "2025.05.27"]

1. d4 g6 2. c4 Bg7 3. e4 d6 4. Nf3 e5 5. d5 a5 6. Be2 Na6 7. h4 h6 8. h5 g5 9.
Nc3 Nf6 10. Nd2 c6 11. Nf1 Nc5 12. Ng3 O-O 13. Be3 Qe7 14. Qd2 Nfxe4 15. Ngxe4
Nxe4 16. Nxe4 f5 17. Nc3 f4 18. Bb6 e4 19. Bd4 Bf5 20. O-O-O c5 21. Bxg7 Qxg7
22. g4 Bh7 23. f3 e3 24. Qe1 a4 25. a3 Ra6 26. Bd3 Bxd3 27. Rxd3 Rb6 28. Nxa4
Ra6 29. Nc3 Rfa8 30. Qe2 b5 31. Nxb5 Ra4 32. Qc2 R4a5 33. Nxd6 R5a6 34. Nf5 Qf6
35. Rb3 R6a7 36. Qe4 Rf8 37. Qe6+ Raf7 38. Nxh6+ Kh7 39. Nxf7 1-0

[Event "Titled Tue 27th May Early"]
[Site "chess.com INT"]
[Date "2025.05.27"]
[Round "10"]
[White "Mikhailova, Irina"]
[Black "Sahetchian, Armand"]
[Result "1/2-1/2"]
[WhiteTitle "WGM"]
[BlackTitle "CM"]
[WhiteElo "2143"]
[BlackElo "2024"]
[WhiteFideId "4109040"]
[BlackFideId "607150"]
[EventDate "2025.05.27"]

1. d4 e6 2. Nf3 Nf6 3. c4 d5 4. Bg5 Be7 5. e3 b6 6. Nc3 O-O 7. Qc2 Bb7 8. Rd1
Nbd7 9. Be2 Ne4 10. Bxe7 Qxe7 11. O-O Rac8 12. cxd5 exd5 13. Nxe4 dxe4 14. Nd2
c5 15. dxc5 Nxc5 16. Qb1 Rfd8 17. Nb3 Nxb3 18. axb3 Qb4 19. Bc4 b5 20. Rxd8+
Rxd8 21. Be2 Qxb3 22. Rd1 Rd5 23. Rxd5 Bxd5 24. h4 h6 25. Qc1 Bc4 26. Bxc4 bxc4
27. Qd2 Qd3 28. Qb4 Kh7 29. Qb7 Qd1+ 30. Kh2 Qd6+ 31. Kg1 Qd1+ 32. Kh2 Qg4 33.
Qxf7 Qxh4+ 34. Kg1 Qf6 35. Qxc4 Qxb2 36. Qxe4+ g6 37. f4 Qc1+ 38. Kh2 Qc7 39. g3
a5 40. f5 gxf5 41. Qxf5+ Kg7 42. Qg4+ Kh7 43. Qe4+ Kg7 44. Qg4+ Kh7 45. Qe4+ Kg7
46. Qg4+ 1/2-1/2

[Event "Titled Tue 27th May Early"]
[Site "chess.com INT"]
[Date "2025.05.27"]
[Round "10"]
[White "Bruhovich, Olexandr"]
[Black "Antoniou, Rafail"]
[Result "0-1"]
[WhiteTitle "CM"]
[BlackTitle "CM"]
[WhiteElo "2208"]
[BlackElo "2134"]
[WhiteFideId "14119919"]
[BlackFideId "5904390"]
[EventDate "2025.05.27"]

1. e4 c5 2. c3 Nf6 3. e5 Nd5 4. Nf3 d6 5. exd6 e6 6. Bc4 Bxd6 7. O-O O-O 8. d4
cxd4 9. cxd4 Nc6 10. Nc3 Nxc3 11. bxc3 b6 12. Bg5 Qc7 13. Bd3 Bb7 14. Rc1 e5 15.
d5 Ne7 16. c4 Ng6 17. h4 f5 18. Bb1 e4 19. Nd4 Bc8 20. Nb5 Qd7 21. Nxd6 Qxd6 22.
h5 Nh8 23. Qd4 Nf7 24. Bh4 Bd7 25. Bg3 f4 26. Qxe4 Ng5 27. Bxf4 Nxe4 28. Bxd6
Nxd6 29. c5 bxc5 30. Rxc5 Rac8 31. Rfc1 Rxc5 32. Rxc5 Rc8 33. Rxc8+ Bxc8 34. f3
Bb7 35. Kf2 Bxd5 36. Ke3 Nb5 37. a4 Nc3 38. Bc2 Bc6 39. a5 Bb5 40. Kd4 Ne2+ 41.
Ke5 h6 42. g4 Ng1 43. f4 Nf3+ 44. Kd6 Nd4 45. Be4 Be2 46. Ke5 Nb3 47. g5 Nxa5
48. gxh6 gxh6 49. Kf6 Bxh5 50. Bd5+ Kf8 51. f5 Be8 52. Ke5 Nc6+ 53. Kf6 Ne7 54.
Be6 a5 55. Ke5 a4 56. Kf4 a3 57. f6 Ng6+ 58. Kf5 Bf7 0-1

[Event "Titled Tue 27th May Early"]
[Site "chess.com INT"]
[Date "2025.05.27"]
[Round "10"]
[White "Demchenko, Anton"]
[Black "Velikanov, Alexander"]
[Result "1-0"]
[WhiteTitle "GM"]
[BlackTitle "IM"]
[WhiteElo "2619"]
[BlackElo "2372"]
[WhiteFideId "4160258"]
[BlackFideId "2039290"]
[EventDate "2025.05.27"]

1. e4 c5 2. Nf3 e6 3. d4 cxd4 4. Nxd4 Nc6 5. Bf4 d6 6. Nxc6 bxc6 7. c4 Nf6 8.
Nc3 e5 9. Be3 Ng4 10. Bc1 d5 11. Be2 d4 12. Na4 Qh4 13. g3 Qh3 14. Bf1 Qh5 15.
a3 Qg6 16. Bg2 Be7 17. O-O O-O 18. b4 a5 19. Nb6 Ra6 20. Nxc8 Rxc8 21. b5 cxb5
22. cxb5 Rb6 23. Rb1 Nf6 24. Qe2 Rc3 25. a4 d3 26. Qe1 Rc2 27. Qe3 Rb8 28. Qxd3
Rbc8 29. b6 Ra2 30. b7 Rb8 31. Be3 Ng4 32. Ba7 1-0

[Event "Titled Tue 27th May Early"]
[Site "chess.com INT"]
[Date "2025.05.27"]
[Round "10"]
[White "Yanev, Tihomir"]
[Black "Chen, Yidong"]
[Result "1-0"]
[WhiteTitle "IM"]
[WhiteElo "2354"]
[BlackElo "2038"]
[WhiteFideId "2910110"]
[BlackFideId "8607028"]
[EventDate "2025.05.27"]

1. e4 c5 2. Nc3 d6 3. g3 g6 4. Bg2 Bg7 5. d3 Nc6 6. f4 e6 7. Nf3 Nge7 8. O-O O-O
9. g4 d5 10. e5 f6 11. exf6 Bxf6 12. Qe1 Nd4 13. Nxd4 Bxd4+ 14. Kh1 Nc6 15. Bd2
Bd7 16. Qg3 Bf6 17. f5 Be5 18. Qh3 Bxc3 19. fxg6 hxg6 20. bxc3 Qe7 21. Bh6 Rxf1+
22. Rxf1 Re8 23. Qg3 Bc8 24. h4 Qh7 25. Bg5 Rf8 26. Rxf8+ Kxf8 27. Qd6+ Ke8 28.
Qxc5 Qf7 29. Kg1 Bd7 30. c4 Qf8 31. Qxf8+ Kxf8 32. cxd5 exd5 33. Bxd5 Bxg4 34.
c3 Bc8 35. Kf2 Ne7 36. Be4 Nf5 37. d4 b6 38. Kf3 Nd6 39. Bxg6 Be6 40. Bb1 Nc4
41. Kf4 Nd2 42. Ke5 Nxb1 43. Kxe6 Nxc3 44. d5 Nxa2 45. d6 Nb4 46. d7 1-0

[Event "Titled Tue 27th May Early"]
[Site "chess.com INT"]
[Date "2025.05.27"]
[Round "10"]
[White "Kriti, Mayur Patel"]
[Black "Alvarez Leon, Luis"]
[Result "0-1"]
[WhiteTitle "WCM"]
[BlackTitle "FM"]
[WhiteElo "1695"]
[BlackElo "2178"]
[WhiteFideId "35061780"]
[BlackFideId "3600351"]
[EventDate "2025.05.27"]

1. e4 c5 2. d4 cxd4 3. c3 d3 4. Bxd3 Nc6 5. Nf3 d6 6. c4 Nf6 7. Nc3 Bg4 8. Be2
g6 9. h3 Bxf3 10. Bxf3 Bg7 11. O-O O-O 12. Be2 Rc8 13. f4 e6 14. Be3 Qe7 15. Qe1
Rfd8 16. Qh4 Nd7 17. Qxe7 Nxe7 18. Nb5 Nc5 19. Nxa7 Ra8 20. Bxc5 dxc5 21. Nb5
Bxb2 22. Rad1 Nc6 23. f5 Nd4 24. Nxd4 Bxd4+ 25. Kh1 Rxa2 26. Bg4 e5 27. fxg6
hxg6 28. Rf6 b5 29. cxb5 Rb2 30. b6 Kg7 31. Rc6 Rb8 32. Rc7 R8xb6 33. Rf1 Rf6
34. Rxf6 Kxf6 35. Bd7 Kg5 36. Be8 Rf2 37. Bxf7 Kf4 38. Kh2 g5 39. Bg6 Ke3 40.
Bf5 Kd3 41. Rg7 Be3 42. Re7 Bf4+ 43. Kg1 Rb2 44. Rd7+ Ke3 45. Rd1 c4 46. Be6 c3
47. Kf1 c2 48. Re1+ Kd4 49. g3 Bxg3 50. Rc1 Bf4 51. h4 gxh4 0-1

[Event "Titled Tue 27th May Early"]
[Site "chess.com INT"]
[Date "2025.05.27"]
[Round "10"]
[White "Arslanov, Shamil"]
[Black "Nayak, Rajesh"]
[Result "1-0"]
[WhiteTitle "IM"]
[BlackTitle "FM"]
[WhiteElo "2410"]
[BlackElo "2286"]
[WhiteFideId "4192826"]
[BlackFideId "35017152"]
[EventDate "2025.05.27"]

1. d4 d5 2. e4 dxe4 3. Nc3 Nf6 4. f3 c5 5. d5 exf3 6. Nxf3 g6 7. Bf4 Bg7 8. Qd2
a6 9. O-O-O b5 10. d6 O-O 11. dxe7 Qxe7 12. Bd6 Qb7 13. Bxf8 Bxf8 14. Qf4 Nbd7
15. Ne5 Nxe5 16. Qxe5 Ng4 17. Qg3 Be6 18. Be2 Bh6+ 19. Kb1 Ne3 20. Bf3 Qa7 21.
Bxa8 Nxd1 22. Rxd1 Qxa8 23. Qh4 Kg7 24. Ne4 g5 25. Nxg5 Bf5 26. Qg3 Bg6 27. Qe5+
Kg8 28. Qf6 Bf8 29. Rd8 Qxg2 30. Rxf8+ Kxf8 31. Ne6+ Ke8 32. Qd8# 1-0